Central Library OPAC University of Rajshahi

Business Communication : (Record no. 75548)

MARC details
000 -LEADER
fixed length control field 00822nam a22002537a 4500
001 - CONTROL NUMBER
control field 75548
003 - CONTROL NUMBER IDENTIFIER
rucl marc code BD-RjUL
005 - DATE AND TIME OF LATEST TRANSACTION
control field 20211209082717.0
008 - FIXED-LENGTH DATA ELEMENTS--GENERAL INFORMATION
fixed length control field 190424r20152013 a|||| |||| 001 0 eng d
020 ## - INTERNATIONAL STANDARD BOOK NUMBER
International Standard Book Number 9788131775585
035 ## - SYSTEM CONTROL NUMBER
System control number (BD-RjUL)75766
040 ## - CATALOGING SOURCE
Original cataloging agency BD-RjUL
Language of cataloging eng
Transcribing agency BD-RjUL
041 ## - LANGUAGE CODE
Language code of text/sound track or separate title eng
082 ## - DEWEY DECIMAL CLASSIFICATION NUMBER
Edition number 22
Classification number 658.45
Author mark and year CHB 2015
100 ## - MAIN ENTRY--PERSONAL NAME
Personal name Chaturvedi, P D
9 (RLIN) 231088
245 ## - TITLE STATEMENT
Title Business Communication :
Remainder of title concepts, skills, cases and applications /
Statement of responsibility, etc. P D Chaturvedi, Mukesh Chaturvedi
250 ## - EDITION STATEMENT
Edition statement 3rd ed
260 ## - PUBLICATION, DISTRIBUTION, ETC. (IMPRINT)
Place of publication, distribution, etc. Delhi :
Name of publisher, distributor, etc. Pearson India,
Date of publication, distribution, etc. c2013 [impression 2015].
300 ## - PHYSICAL DESCRIPTION
Pagination xxii, 400 pages :
Illustrations illustrations ;
Size 28 cm
504 ## - BIBLIOGRAPHY, ETC. NOTE
Bibliography, etc Includes bibliographical references and index.
650 ## - SUBJECT ADDED ENTRY--TOPICAL TERM
Topical term or geographic name as entry element Business Communication.
9 (RLIN) 231089
700 ## - ADDED ENTRY--PERSONAL NAME
Personal name Chaturvedi, Mukesh
942 ## - ADDED ENTRY ELEMENTS (KOHA)
Source of classification or shelving scheme Dewey Decimal Classification
Koha item type Books
Holdings
Lost status Source of classification or shelving scheme Damaged status Not for loan Permanent Location Current Location Shelving location Date acquired Source of acquisition Cost, normal purchase price Total Checkouts Full call number Date last seen Copy number Koha item type
  Dewey Decimal Classification   Not For Loan Central Library, University of Rajshahi Central Library, University of Rajshahi Reading Room 10/04/2019 Orbital International, Dhaka 364.50   658.45 CHB 2015 24/04/2019 C-1 Books